000 00303nam a22001337a 4500
008 170525b xxu||||| |||| 00| 0 eng d
020 _a9780070109148
041 _aeng
080 _a621
100 _a26
101 _aim
245 _aELECTRIC MACHINERY FUNDAMENTALS
_cCHAPMAN.S.J
942 _2udc
_cBK
999 _c14191
_d14191